000 00559nam a2200169 i 4500
001 68472
003 ES-MaACL
005 20230906170307.0
007 t|
008 040629s1888 sp ||||1| spa d
100 1 _aGarcía de Torres, Juan.
_954497
245 1 3 _aLas rentas estancadas
_b: apuntes históricos, observaciones y datos estadísticos /
_cpor Juan García de Torres.
260 _aMadrid :
_b[s.n.],
_c1888 (
_fImp. de Loterías)
300 _a211 p., 105 modelos ;
_c32 cm.
650 4 _aEstanco del tabaco.
_9150129
852 _aES-MaACL
_jB-12030
999 _c68472
_d68472